<?xml version="1.0" encoding="UTF-8"?><?xml-stylesheet type="text/xsl" href="static/style.xsl"?><OAI-PMH xmlns="http://www.openarchives.org/OAI/2.0/" xmlns:xsi="http://www.w3.org/2001/XMLSchema-instance" xsi:schemaLocation="http://www.openarchives.org/OAI/2.0/ http://www.openarchives.org/OAI/2.0/OAI-PMH.xsd"><responseDate>2026-04-17T06:54:44Z</responseDate><request verb="GetRecord" identifier="oai:www.recercat.cat:2072/382770" metadataPrefix="marc">https://recercat.cat/oai/request</request><GetRecord><record><header><identifier>oai:recercat.cat:2072/382770</identifier><datestamp>2026-03-17T00:02:58Z</datestamp><setSpec>com_2072_98</setSpec><setSpec>col_2072_378192</setSpec></header><metadata><record xmlns="http://www.loc.gov/MARC21/slim" xmlns:dcterms="http://purl.org/dc/terms/" xmlns:xsi="http://www.w3.org/2001/XMLSchema-instance" xmlns:doc="http://www.lyncode.com/xoai" xsi:schemaLocation="http://www.loc.gov/MARC21/slim http://www.loc.gov/standards/marcxml/schema/MARC21slim.xsd">
   <leader>00925njm 22002777a 4500</leader>
   <datafield ind2=" " ind1=" " tag="042">
      <subfield code="a">dc</subfield>
   </datafield>
   <datafield ind2=" " ind1=" " tag="720">
      <subfield code="a">Adrián Escudero, Jesús</subfield>
      <subfield code="e">author</subfield>
   </datafield>
   <datafield ind2=" " ind1=" " tag="260">
      <subfield code="c">2007</subfield>
   </datafield>
   <datafield ind2=" " ind1=" " tag="520">
      <subfield code="a">Las representaciones del cuerpo ocupan un lugar destacado en el mundo de las artes visuales, de manera que se convierten en una plataforma de inscripción y protesta que da cabida a las más diversas manifestaciones: desde el arte de la herida, el body art y la cirugía radical hasta el tecnoarte, el tatuaje, el body building y el piercing. A partir de esta variedad, I) ofrecemos un primer breve esbozo de los fundamentos filosóficos de una teoría del cuerpo que fija las coordenadas teóricas por las que discurren diferentes propuestas artísticas. II) Luego nos centramos en el papel que ha desempeñado el cuerpo en las artes visuales a lo largo del siglo XX. Llegados a este punto y a título ilustrativo, centramos nuestro interés en dos formas de abordar el tema del cuerpo en el mundo del arte contemporáneo: III) por una parte, fijamos nuestra atención en la mutación a la que Cindy Sherman somete el cuerpo humano en sus series fotográficas Sexual Pictures y, por otra parte, IV) nos adentramos en la construcción de un nuevo tipo humano que, en el mundo de la «nueva carne», responde a la imagen del cyborg.</subfield>
   </datafield>
   <datafield ind2=" " ind1=" " tag="520">
      <subfield code="a">The representations of the body play an important role in visual arts, especially at the moment it transforms in platform of protest and inscription, like in the artistic manifestations of wound-art, tattoos, body building, piercing, radical surgery, techno art and body art. From this point of view, I) we first offer a previous panorama of the philosophical foundations of a theory of the body that establishes the basic coordinates of the different artistic proposals. II) Then we take into account the presence of the body in the visual arts during the last 20th century. After this, we illustrate the importance of the body from two different perspectives: III) on the one hand, we fix our attention in the mutation of human body that Cindy Sherman puts in effect in her photographical series Sexual Pictures and, on the other hand, we sketch out the construction of a new human type that responds to the image of the cyborg.</subfield>
   </datafield>
   <datafield tag="653" ind2=" " ind1=" ">
      <subfield code="a">Cos</subfield>
   </datafield>
   <datafield tag="653" ind2=" " ind1=" ">
      <subfield code="a">Cyborg</subfield>
   </datafield>
   <datafield tag="653" ind2=" " ind1=" ">
      <subfield code="a">Estètica feminista</subfield>
   </datafield>
   <datafield tag="653" ind2=" " ind1=" ">
      <subfield code="a">"Nova carn"</subfield>
   </datafield>
   <datafield tag="653" ind2=" " ind1=" ">
      <subfield code="a">Performativitat</subfield>
   </datafield>
   <datafield tag="653" ind2=" " ind1=" ">
      <subfield code="a">Cuerpo</subfield>
   </datafield>
   <datafield tag="653" ind2=" " ind1=" ">
      <subfield code="a">Estética feminista</subfield>
   </datafield>
   <datafield tag="653" ind2=" " ind1=" ">
      <subfield code="a">«Nueva carne»</subfield>
   </datafield>
   <datafield tag="653" ind2=" " ind1=" ">
      <subfield code="a">Performatividad</subfield>
   </datafield>
   <datafield tag="653" ind2=" " ind1=" ">
      <subfield code="a">Body</subfield>
   </datafield>
   <datafield tag="653" ind2=" " ind1=" ">
      <subfield code="a">Feminist aesthetics</subfield>
   </datafield>
   <datafield tag="653" ind2=" " ind1=" ">
      <subfield code="a">New Flesh</subfield>
   </datafield>
   <datafield tag="653" ind2=" " ind1=" ">
      <subfield code="a">Performativity</subfield>
   </datafield>
   <datafield ind2="0" ind1="0" tag="245">
      <subfield code="a">El cuerpo y sus representaciones</subfield>
   </datafield>
</record></metadata></record></GetRecord></OAI-PMH>